000
00218 a2200097 4500
001
51476
100
_a
Tariq Riaz
245
_a
Pakistan - The Energy Sector
260
_a
Lahore
_b
Feroz Sons
_c
090
_c
32600
_d
32600
942
_a
NUST-CAE
_c
M
_c
25115
999
_c
286549
_d
286549